000
00325nam a22001337a 4500
008
170601b xxu||||| |||| 00| 0 eng d
020
_a
0382241797
041
_a
eng
080
_a
94(7/8)
100
_a
17
101
_a
SHH
245
_a
THE AMERICAN HERITAGE HISTORY OF THE BILL OF RIGHTS
_c
KLINKNER,PH.A
942
_2
udc
_c
BK
999
_c
15530
_d
15530